Evolución reciente de la política exterior y seguridad nacional de Honduras /
Guardado en:
| Hovedforfatter: | |
|---|---|
| Autores Corporativos: | , |
| Format: | Texto |
| Udgivet: |
Miami:
LACC
|
| Tags: |
Tilføj Tag
Ingen Tags, Vær først til at tagge denne postø!
|
MARC
| LEADER | 00000 a a2200000 04500 | ||
|---|---|---|---|
| 001 | 23822 | ||
| 003 | |||
| 040 | |||
| 090 | |a 168700 | ||
| 100 | |a Paz Aguilar, Ernesto | ||
| 110 | |a Latin American and Caribbean Center | ||
| 245 | |a Evolución reciente de la política exterior y seguridad nacional de Honduras / |c Latin American and Caribbean Center | ||
| 260 | |a Miami: |b LACC | ||
| 300 | |a 52 p | ||
| 710 | |a Florida International University | ||
| 999 | |c 15320 |d 15320 | ||
